000 00867nam a2200205 a 4500
001 000041169
005 20201002034656.0
008 130917s1999 sp 000 0 spa d
020 _a8400078497
040 _aDO-SdBNP
_bspa
_cBNPHU
100 1 _aPelayo, Francisco
_967728
245 1 0 _aCiencia y creencia en España durante el siglo XIX :
_bla paleontología en el debate sobre el darwinismo /
_cFrancisco Pelayo.
260 _aMadrid :
_bConsejo Superior de Investigaciones Científicas,
_c1999.
300 _a380 p. ;
_c18 cm.
490 1 _aCuadernos Galileo de Historia de la Ciencia
_v20
504 _aIncluye referencias bibliográficas y notas al pie de las páginas
504 _abibliografías : p. 367-380
710 2 _aConsejo Superior de Investigaciones Científicas, (España)
_963834
830 0 _aCuadernos Galileo de Historia de la Ciencia
_n20
_967729
999 _c40659
_d40659